书目信息 |
| 题名: |
建筑制图与识图
|
|
| 作者: | 何培斌 主编 | |
| 分册: | ||
| 出版信息: | 武汉 武汉理工大学出版社 2008.09 |
|
| 页数: | 185页 | |
| 开本: | 26cm | |
| 丛书名: | 高职高专技术学院房地产专业系列教材 | |
| 单 册: | ||
| 中图分类: | TU204 | |
| 科图分类: | ||
| 主题词: | 建筑识图--jian zhu shi tu--识图法--高等学校--技术学校--教材 | |
| 电子资源: | ||
| ISBN: | 978-7-5629-2842-3 | |
| 000 | 01017nam 2200265 450 | |
| 001 | 012009107210 | |
| 005 | 20091120160922.45 | |
| 010 | @a978-7-5629-2842-3@dCNY25.00 | |
| 100 | @a20090420d2008 em y0chi0120 ea | |
| 101 | 0 | @achi |
| 102 | @aCN@b420000 | |
| 105 | @aa a 000yy | |
| 106 | @ar | |
| 200 | 1 | @a建筑制图与识图@Ajian zhu zhi tu yu shi tu@f何培斌主编@Fhe pei bin zhu bian |
| 210 | @a武汉@c武汉理工大学出版社@d2008.09 | |
| 215 | @a185页@c图, 折图@d26cm | |
| 225 | 2 | @a高职高专技术学院房地产专业系列教材@Agao zhi gao zhuan ji shu xue yuan fang di chan zhuan ye xi lie jiao cai |
| 320 | @a有书目 (第185页) | |
| 330 | @a本书主要内容包括:绘图基础,投影的基本知识,立体,轴测投影,标高投影法,剖面图和断面图,建筑施工图,结构施工图等。 | |
| 410 | 0 | @12001 @a高职高专技术学院房地产专业系列教材 |
| 606 | 0 | @a建筑识图@Ajian zhu shi tu@x识图法@x高等学校@x技术学校@j教材 |
| 690 | @aTU204@v4 | |
| 701 | 0 | @a何培斌@Ahe pei bin@4主编 |
| 801 | 0 | @aCN@bQSSK@c20091120 |
| 905 | @b737329-31@eH190@dTU204@f3 | |
| 建筑制图与识图/何培斌主编.-武汉:武汉理工大学出版社,2008.09 |
| 185页:图, 折图;26cm.-(高职高专技术学院房地产专业系列教材) |
| ISBN 978-7-5629-2842-3:CNY25.00 |
| 本书主要内容包括:绘图基础,投影的基本知识,立体,轴测投影,标高投影法,剖面图和断面图,建筑施工图,结构施工图等。 |
| ● |
| 相关链接 |
|
|
|
正题名:建筑制图与识图
索取号:TU204/H190
 
预约/预借
| 序号 | 登录号 | 条形码 | 馆藏地/架位号 | 状态 | 备注 |
| 1 | 737329 | 207373297 | 建筑库101/101建筑库 108排3列1层/ [索取号:TU204/H190] | 在馆 | |
| 2 | 737330 | 207373304 | 建筑库101/101建筑库 108排3列1层/ [索取号:TU204/H190] | 在馆 | |
| 3 | 737331 | 207373313 | 建筑库101/101建筑库 108排3列1层/ [索取号:TU204/H190] | 在馆 |